000
00330nam a22001457a 4500
003
OSt
005
20160727222354.0
008
160622b xxu||||| |||| 00| 0 eng d
040
_c
TEST
100
_9
474
_a
Trudgill, P,
245
_a
Sociolinguistics
260
_a
N.Y
_b
Penguin
_c
1981
300
_a
Sociolinguistics
942
_2
ddc
_c
BK
999
_c
390
_d
390